Цөмийн анагаах ухаан : (Record no. 37141)

MARC details
000 -LEADER
fixed length control field 03935nam a22003617a 4500
003 - CONTROL NUMBER IDENTIFIER
control field OSt
005 - DATE AND TIME OF LATEST TRANSACTION
control field 20260327092059.0
008 - FIXED-LENGTH DATA ELEMENTS--GENERAL INFORMATION
fixed length control field 260326b mp ||||| |||| 00| 0 mon d
020 ## - INTERNATIONAL STANDARD BOOK NUMBER
International Standard Book Number 978-9919-0-5297-3
Qualifying information (зөөлөн хавтастай)
040 ## - CATALOGING SOURCE
Original cataloging agency MN_MNUMS
Language of cataloging Mon
Transcribing agency MN_MNUMS
Modifying agency MN_MNUMS
Description conventions rda
082 ## - DEWEY DECIMAL CLASSIFICATION NUMBER
Edition number 21
Classification number 616.0757
Item number Э 66
100 0# - MAIN ENTRY--PERSONAL NAME
Personal name Энхтуяа, Б.
Relator term зохиогч
9 (RLIN) 66464
245 ## - TITLE STATEMENT
Title Цөмийн анагаах ухаан :
Remainder of title Улсын Нэгдүгээр Төв Эмнэлгийн 100 жил, Монголын Радиологийн Нийгэмлэгийн 30 жил, Цөмийн Анагаах Ухаан Монгол улсад хөгжсөний 50 жилийн ой, Монгол улсын Ардын эмч, Хүний Гавьяат эмч, АШУ-ны доктор, профессор анхны Цөмийн оношилгооны эмч Пэлжээгийн Онхуудай багшийнхаа гэгээн дурсгалд зориулав
Statement of responsibility, etc. /Зохиогч: Б. Энхтуяа, Г. Болормаа; Хамтран бүтээлцсэн: Б. Нямгэрэл, Г. Мөнхцэцэг, Э. Аззаяа, Б. Дамдиндорж, Н. Молор-Эрдэнэ; Хянан тохиолдуулсан: Д. Гончигсүрэн.
264 #1 - PRODUCTION, PUBLICATION, DISTRIBUTION, MANUFACTURE, AND COPYRIGHT NOTICE
Place of production, publication, distribution, manufacture Улаанбаатар:
Name of producer, publisher, distributor, manufacturer Линограф хэвлэх үйлдвэр,
Date of production, publication, distribution, manufacture, or copyright notice 2025.
505 ## - FORMATTED CONTENTS NOTE
Title Гарчиг
Title Цөмийн анагаах ухааны суурь, үндсэн зарчим, товч түүх, онолын үндэслэл --
-- Цөмийн анагаах ухааны клиникийн эмнэлзүйн оношилгоо --
-- Төв мэдрэлийн тогтолцооны эрхтэн системийн эмгэгийн оношилгоо --
-- Дотоод шүүрлийн эрхтэн системийн эмгэгийн оношилгоо --
-- Зүрх судасны эрхтэн системийн эмгэгийн оношилгоо --
-- Амьсгалын эрхтэн тогтолцооны системийн эмгэгүүдийн оношилгоо --
-- Бөөр, шээсний замын эрхтэн системийн эмгэгүүдийн оношилгоо --
-- Элэг, цөсний замын эмгэгүүдийн оношилгоо --
-- Араг яс, тулгуур эрхтэн системийн эмгэгүүдийн оношилгоо --
-- Хоол боловсруулах замын эрхтэн тогтолцооны эмгэгүүдийн оношилгоо --
-- Халдварт болон үрэвсэлт эмгэгүүдийн оношилгоо --
-- Хавдрын орчин үеийн оношилгоо, эмчилгээ --
-- Өргөн хэрэглэгддэг үгсийн тайлбар
546 ## - LANGUAGE NOTE
Хэл монгол
Information code or alphabet кирилл
650 #4 - SUBJECT ADDED ENTRY--TOPICAL TERM
Topical term or geographic name entry element цөмийн анагаах ухаан
9 (RLIN) 70265
Topical term or geographic name entry element дүрс оношилгоо
Topical term or geographic name entry element рентген радиологи
9 (RLIN) 70266
700 0# - ADDED ENTRY--PERSONAL NAME
Personal name Энхтуяа, Б.
Relator term зохиогч
9 (RLIN) 66464
Personal name Болормаа, Г.
Relator term зохиогч
9 (RLIN) 66295
Personal name Нямгэрэл, Б.
Relator term хамтран бүтээлцсэн
9 (RLIN) 70259
Personal name Мөнхцэцэг, Г.
Relator term хамтран бүтээлцсэн
9 (RLIN) 70260
Personal name Аззаяа, Э.
Relator term хамтран бүтээлцсэн
9 (RLIN) 70261
Personal name Дамдиндорж, Б.
Relator term хамтран бүтээлцсэн
9 (RLIN) 66014
Personal name Молор-Эрдэнэ, Н.
Relator term хамтран бүтээлцсэн
9 (RLIN) 70262
Personal name Гончигсүрэн, Д.
Relator term хянан тохиолдуулсан
9 (RLIN) 66059
710 ## - ADDED ENTRY--CORPORATE NAME
Corporate name or jurisdiction name as entry element Улсын Нэгдүгээр Төв Эмнэлэг
Relator term Эрхэлсэн байгууллага
9 (RLIN) 65527
Corporate name or jurisdiction name as entry element Монголын Радиологийн Нийгэмлэг
Relator term Эрхэлсэн байгууллага
9 (RLIN) 67595
Corporate name or jurisdiction name as entry element Department of Nuclear Medicine
Relator term Эрхэлсэн байгууллага
9 (RLIN) 70263
942 ## - ADDED ENTRY ELEMENTS (KOHA)
Source of classification or shelving scheme Dewey Decimal Classification
Koha item type гарын авлага, зөвлөмж
Holdings
Date last seen Total Checkouts Full call number Price effective from Koha item type Lost status Source of classification or shelving scheme Damaged status Not for loan Withdrawn status Home library Current library Shelving location Date acquired
03/26/2026   616.0757 Э 66 03/26/2026 гарын авлага, зөвлөмж   Dewey Decimal Classification       Төв Номын Сан Төв Номын Сан Үндсэн фонд 03/26/2026